| 000 | 00604nam a2200181Ia 4500 | ||
|---|---|---|---|
| 008 | 100920s9999 xx 000 0 und d | ||
| 082 |
_b107169 _a910 न 08 |
||
| 100 | _aकर्णिक मधु मंगेश. | ||
| 245 | _aजिवाभावाचा गोवा. | ||
| 260 |
_bअनघा प्रकाशन ठाणे. _c2008 |
||
| 300 |
_a136 _bसाधी |
||
| 365 | _b140 | ||
| 520 | _aभू.प्र. | ||
| 630 | _aजिवाभावाचा गोवा. | ||
| 650 | _aभू.प्र. | ||
| 730 | _aजिवाभावाचा गोवा. | ||
| 942 | _cBOOK | ||
| 999 |
_c747593 _d747590 |
||